Obwody Ukrainy, które nie były okupowane przez Rosję - Statystyki

Ogólne statystyki
  • Ten quiz został rozwiązany 206 razy
    33 od ostatniego zresetowania
  • Średni wynik to 6 z 12
Statystyki odpowiedzi
Obwód % Poprawnych
Obwód Lwowski
100%
Obwód Wołyński
72%
Obwód Zakarpacki
64%
Obwód Winnicki
60%
Obwód Tarnopolski
52%
Obwód Czerniowiecki
48%
Obwód Chmielnicki
44%
Obwód Iwanofrankiwski
44%
Obwód Połtawski
44%
Obwód Czerkaski
32%
Obwód Kirowohradzki
28%
Obwód Rówieński
28%
Nie znaleziono quizów pasujących do podanych kryteriów
Rozkład punktacji
Procent ludzi z każdym wynikiem
Percentyl według liczby udzielonych odpowiedzi
Twoja historia wyników
Nie rozwiązałeś tego quizu od ostatniego zresetowania